000 00392nam a2200145Ia 4500
008 210210b1989 xxu||||| |||| 00| 0 eng d
020 _a81 85076 66 99
082 _a307.72 SAHP
100 _aSAHASRABUDHEY (Sunil).
245 _aPeasant movement in modern India.
260 _aAllahabad.
_bChugh Publications.,
_c1989
300 _axxxvii,194
690 _aRural Sociology
906 _a043629
999 _c93222
_d93222